AH International Schools' Libraries

Be strong: (Record no. 49529)

MARC details
000 -LEADER
fixed length control field 00299nam a2200109 4500
020 ## - INTERNATIONAL STANDARD BOOK NUMBER
International Standard Book Number 9781787836075
100 ## - MAIN ENTRY--PERSONAL NAME
Personal name O'Neill, Poppy
9 (RLIN) 86670
245 ## - TITLE STATEMENT
Title Be strong:
Remainder of title you are braver than you think /
Statement of responsibility, etc Poppy O'Neill
260 ## - PUBLICATION, DISTRIBUTION, ETC. (IMPRINT)
Place of publication, distribution, etc UK
Name of publisher, distributor, etc Summersdale
Date of publication, distribution, etc 2020
300 ## - PHYSICAL DESCRIPTION
Extent 136 p.
Other physical details ill.
Dimensions 21 cm.
942 ## - ADDED ENTRY ELEMENTS (KOHA)
Source of classification or shelving scheme
Koha item type Book
Holdings
Withdrawn status Lost status Source of classification or shelving scheme Damaged status Not for loan Collection code Home library Current library Shelving location Date acquired Full call number Barcode Date last seen Price effective from Koha item type
          TEACHERS' RESOURCES Asian Hope Primary Library Asian Hope Primary Library Non Fiction 09/08/2025 155.4 ONE 208840 09/08/2025 09/08/2025 Book

For any Logos Library related questions please contact Miss Art at swongnarasuk@asianhope.org.

For any Asian Hope Library related questions please contact Miss Raza at graza@asianhope.org.

Powered by Koha